000 00675nam a2200217 a 4500
003 PK-NaQUE
005 20260521123619.0
008 260521b |||||||| |||| 00| 0 eng d
020 _a039911212X
020 _a978-0399112126
040 _cQUEST
100 1 _aBuchwald, Art
_985
245 1 0 _aI Never Danced at the White House
250 _aSeventh Printing ed.
260 _a[S.l.] :
_bPublisher,
_c1973.
300 _a1 v. (unpaged) ;
650 _aUnited States--Civilization--1970- --Humor
_986
650 _aUnited States--Politics and government--1969-1974--Humor
_987
856 4 0 _uhttp://10.10.170.122:8080/browse/book/29739
_yDownload eBook
942 _cBK
_2ddc
999 _c5625
_d5625